[Event "Tres Cantos op 11th"]
[Site "Tres Cantos"]
[Date "2019.06.23"]
[Round "2"]
[White "Antonano Fedz Quincoces, Avelino"]
[Black "Gallardo Garcia, Andres"]
[Result "0-1"]
[WhiteElo "2083"]
[BlackElo "2316"]
[PlyCount "62"]
[EventDate "2019.06.22"]
[EventType "swiss"]
[EventRounds "9"]
[EventCountry "ESP"]
[SourceTitle "CBM 195 Extra"]
[Source "ChessBase"]
[SourceDate "2020.05.31"]
[SourceVersion "1"]
[SourceVersionDate "2020.05.31"]
[SourceQuality "1"]

1. e4 c6 2. c4 e5 3. Nf3 d6 4. d4 Nd7 5. Nc3 Ngf6 6. h3 Be7 7. Be3 0-0 8. Be2 a6 9. 0-0 b5 10. cxb5 cxb5 11. dxe5 dxe5 12. a4 b4 13. Nd5 Bb7 14. Nxf6+ Bxf6 15. Qd3 Qe7 16. Rac1 Rfc8 17. Nd2 Nc5 18. Bxc5 Rxc5 19. Rxc5 Qxc5 20. Nb3 Qb6 21. a5 Qc6 22. Rc1 Qe8 23. Nc5 Rc8 24. Qe3 Qc6 25. Rc4 Ba8 26. Bg4 Rd8 27. Rxb4 Be7 28. Rc4 Qb5 29. Qb3 Qxa5 30. Nd3 g6 31. Ra4 Rxd3 0-1

[Event "Madrid-chT 1617"]
[Site "Madrid"]
[Date "2017.03.19"]
[Round "14.13"]
[White "Gallardo Garcia, Andres"]
[Black "Baigorri Navarro, Francisco Javier"]
[Result "1/2-1/2"]
[WhiteElo "2327"]
[BlackElo "2192"]
[PlyCount "74"]
[EventDate "2016.11.20"]
[EventType "team-tourn"]
[EventRounds "14"]
[EventCountry "ESP"]
[SourceTitle "EXT 2018"]
[Source "ChessBase"]
[SourceDate "2017.10.13"]
[SourceVersion "1"]
[SourceVersionDate "2017.10.13"]
[SourceQuality "1"]
[WhiteTeam "Liberty Chess"]
[BlackTeam "Pueblo Nuevo"]
[WhiteTeamCountry "ESP"]
[BlackTeamCountry "ESP"]

1. g3 Nf6 2. Bg2 d5 3. d3 g6 4. Nf3 Bg7 5. 0-0 c5 6. c4 0-0 7. Nc3 Nc6 8. cxd5 Nxd5 9. Bd2 Nc7 10. a3 Bd7 11. Rb1 Rb8 12. b4 cxb4 13. axb4 Nd4 14. Nxd4 Bxd4 15. Ne4 b6 16. Bh6 Re8 17. e3 Bh8 18. d4 Bb5 19. Re1 Bc4 20. Ra1 Nb5 21. Qa4 Rc8 22. Rec1 Bd3 23. Qd1 Bxe4 24. Bxe4 Nc3 25. Qd3 Nxe4 26. Rxc8 Qxc8 27. Qxe4 Qd7 28. Rc1 Bg7 29. Bxg7 Kxg7 30. Rc6 f6 31. Kg2 Kf8 32. Qc2 Qd5+ 33. f3 Rd8 34. Qc3 Qb5 35. Kf2 a5 36. bxa5 bxa5 37. Rc5 Qb4 1/2-1/2

[Event "Madrid-chT 1617"]
[Site "Madrid"]
[Date "2016.12.17"]
[Round "4.33"]
[White "Gallardo Garcia, Andres"]
[Black "Reyes Larena, Juan"]
[Result "1-0"]
[WhiteElo "2327"]
[BlackElo "2448"]
[PlyCount "61"]
[EventDate "2016.11.20"]
[EventType "team-tourn"]
[EventRounds "14"]
[EventCountry "ESP"]
[SourceTitle "EXT 2018"]
[Source "ChessBase"]
[SourceDate "2017.10.13"]
[SourceVersion "1"]
[SourceVersionDate "2017.10.13"]
[SourceQuality "1"]
[WhiteTeam "Liberty Chess"]
[BlackTeam "Collado Villalba"]
[WhiteTeamCountry "ESP"]
[BlackTeamCountry "ESP"]

1. e4 e5 2. Nf3 Nc6 3. Bb5 Nge7 4. 0-0 a6 5. Ba4 d6 6. c3 Bd7 7. d4 Ng6 8. Be3 Be7 9. d5 Nb8 10. c4 h6 11. Nc3 Bg5 12. Nxg5 hxg5 13. f3 Nf4 14. g3 Nh3+ 15. Kh1 Bxa4 16. Nxa4 Nd7 17. b4 Nf6 18. c5 g4 19. cxd6 cxd6 20. Nb6 Rb8 21. Rc1 Kf8 22. Kg2 Kg8 23. Qe2 Rh7 24. a4 Nd7 25. a5 f5 26. exf5 gxf3+ 27. Qxf3 Nxb6 28. axb6 Rc8 29. Rxc8 Qxc8 30. Rc1 Qd7 31. Qg4 1-0

[Event "Madrid-chT 1516"]
[Site "Madrid"]
[Date "2016.01.31"]
[Round "8.43"]
[White "Gallardo Garcia, Andres"]
[Black "Plazuelo Pascual, Juan"]
[Result "1/2-1/2"]
[WhiteElo "2327"]
[BlackElo "2351"]
[PlyCount "101"]
[EventDate "2015.11.22"]
[EventType "team-tourn"]
[EventRounds "14"]
[EventCountry "ESP"]
[SourceTitle "EXT 2017"]
[Source "ChessBase"]
[SourceDate "2016.10.25"]
[SourceVersion "1"]
[SourceVersionDate "2016.10.25"]
[SourceQuality "1"]
[WhiteTeam "Liberty Chess"]
[BlackTeam "Virgen de Atocha"]
[WhiteTeamCountry "ESP"]
[BlackTeamCountry "ESP"]

1. c4 b6 2. Nf3 Bb7 3. d4 Nf6 4. g3 g6 5. Bg2 Bg7 6. 0-0 0-0 7. Nc3 Ne4 8. Nxe4 Bxe4 9. Be3 d6 10. b4 Nd7 11. Qb3 c5 12. Rfd1 Rc8 13. a3 Qc7 14. Rac1 Bxf3 15. Bxf3 cxd4 16. Bxd4 Bxd4 17. Rxd4 Ne5 18. Bg2 Rfd8 19. f4 Nd7 20. Rcd1 Nf6 21. Qd3 Nd7 22. Bh3 Rb8 23. e4 f6 24. Be6+ Kg7 25. h4 Nf8 26. Bg4 Re8 27. Kh2 Qb7 28. Rd5 a6 29. e5 dxe5 30. fxe5 f5 31. Bf3 Qc7 32. e6 Kg8 33. c5 bxc5 34. Rxc5 Qb6 35. Rc6 Qf2+ 36. Kh3 Red8 37. Qe2 Qa7 38. Rxa6 Qc7 39. Rc6 Qa7 40. Rc3 f4 41. gxf4 Rxd1 42. Qxd1 Qa6 43. Qd3 Qxe6+ 44. Kg3 Qe1+ 45. Kh3 Ne6 46. Bd5 Kg7 47. Bxe6 Qxe6+ 48. Kg3 Qe1+ 49. Kh3 Qe6+ 50. Kg3 Qe1+ 51. Kh3 1/2-1/2

[Event "Madrid-chT 1516"]
[Site "Madrid"]
[Date "2016.01.10"]
[Round "5.23"]
[White "Alarcia Astiz, Carlos"]
[Black "Gallardo Garcia, Andres"]
[Result "0-1"]
[WhiteElo "2337"]
[BlackElo "2327"]
[PlyCount "84"]
[EventDate "2015.11.22"]
[EventType "team-tourn"]
[EventRounds "14"]
[EventCountry "ESP"]
[SourceTitle "EXT 2017"]
[Source "ChessBase"]
[SourceDate "2016.10.25"]
[SourceVersion "1"]
[SourceVersionDate "2016.10.25"]
[SourceQuality "1"]
[WhiteTeam "Blanco y Negro"]
[BlackTeam "Liberty Chess"]
[WhiteTeamCountry "ESP"]
[BlackTeamCountry "ESP"]

1. e4 c5 2. Nf3 d6 3. d4 cxd4 4. Nxd4 Nf6 5. Nc3 Nc6 6. f4 e5 7. Nf3 Be7 8. Bd3 0-0 9. 0-0 exf4 10. Kh1 Nh5 11. Ng1 Nf6 12. Bxf4 Ne5 13. Nf3 Bg4 14. Qd2 Bxf3 15. gxf3 Rc8 16. Qe2 a6 17. Rg1 Ng6 18. Bg3 d5 19. e5 Nh5 20. Bf5 Rc5 21. Rad1 d4 22. f4 Nhxf4 23. Bxf4 Nxf4 24. Qg4 Ng6 25. e6 Qb6 26. Ne4 Re5 27. h4 Bxh4 28. Rd2 Qc6 29. Re2 Rxe6 30. Bxe6 fxe6 31. Kh2 Rf4 32. Qg2 Qc7 33. Kh1 Bd8 34. Rf1 Qe5 35. Ng3 Qf6 36. Rfe1 Qh4+ 37. Qh2 Qg5 38. Kg2 Nh4+ 39. Kh1 Nf3 40. Qf2 Qh4+ 41. Kg2 Qh2+ 42. Kf1 Qh3+ 0-1

[Event "Madrid-chT 1415"]
[Site "Madrid"]
[Date "2015.02.08"]
[Round "9.2"]
[White "Gallardo Garcia, Andres"]
[Black "Lopez del Alamo, Antonio"]
[Result "1/2-1/2"]
[WhiteElo "2329"]
[BlackElo "2260"]
[PlyCount "47"]
[EventDate "2014.11.23"]
[EventType "team-tourn"]
[EventRounds "14"]
[EventCountry "ESP"]
[SourceTitle "EXT 2016"]
[Source "ChessBase"]
[SourceDate "2015.10.08"]
[SourceVersion "1"]
[SourceVersionDate "2015.10.08"]
[SourceQuality "1"]
[WhiteTeam "Liberty Chess"]
[BlackTeam "Villalba 64"]
[WhiteTeamCountry "ESP"]
[BlackTeamCountry "ESP"]

1. g3 g6 2. Bg2 Bg7 3. e4 c5 4. f4 Nc6 5. Nf3 d6 6. d3 Bg4 7. h3 Bxf3 8. Qxf3 e6 9. 0-0 Nge7 10. c3 0-0 11. Na3 d5 12. Kh1 f5 13. exd5 exd5 14. Bd2 Qd7 15. Rab1 Rad8 16. Nc2 Kh8 17. Qf2 c4 18. Qf3 cxd3 19. Qxd3 Ng8 20. Be3 Nf6 21. Rbd1 Ne4 22. Kh2 Qc7 23. Nd4 Rfe8 24. Bg1 1/2-1/2

[Event "Madrid-chT 1415"]
[Site "Madrid"]
[Date "2014.12.14"]
[Round "3.2"]
[White "Garcia Ruido, Ricardo"]
[Black "Gallardo Garcia, Andres"]
[Result "0-1"]
[WhiteElo "2053"]
[BlackElo "2329"]
[PlyCount "78"]
[EventDate "2014.11.23"]
[EventType "team-tourn"]
[EventRounds "14"]
[EventCountry "ESP"]
[SourceTitle "EXT 2016"]
[Source "ChessBase"]
[SourceDate "2015.10.08"]
[SourceVersion "1"]
[SourceVersionDate "2015.10.08"]
[SourceQuality "1"]
[WhiteTeam "Moratalaz"]
[BlackTeam "Liberty Chess"]
[WhiteTeamCountry "ESP"]
[BlackTeamCountry "ESP"]

1. d4 Nf6 2. c4 e6 3. g3 Bb4+ 4. Bd2 c5 5. Bxb4 cxb4 6. Bg2 a5 7. Nf3 0-0 8. 0-0 d6 9. Ne1 Qc7 10. Nd2 e5 11. Nc2 Rd8 12. a3 bxa3 13. Nxa3 Nc6 14. Nb5 Qb6 15. Nb3 Bg4 16. h3 Bh5 17. d5 Nb4 18. Qd2 e4 19. g4 Bg6 20. N3d4 Qc5 21. Rfc1 b6 22. Kh2 Qc8 23. Ra3 Qd7 24. Qf4 Rac8 25. Rcc3 Rc5 26. Qg3 h5 27. f3 hxg4 28. hxg4 Nfxd5 29. cxd5 Rxb5 30. Nxb5 Qxb5 31. fxe4 Qxe2 32. Re3 Qxb2 33. Rab3 Qd2 34. e5 Nxd5 35. Re1 dxe5 36. Rxe5 Nf4 37. Rxb6 Nxg2 38. Qxg2 Qf4+ 39. Qg3 Rd2+ 0-1

[Event "Madrid-chT 1314"]
[Site "Madrid"]
[Date "2014.02.23"]
[Round "11.36"]
[White "Perez de Aranda, Leonardo Ivan"]
[Black "Gallardo Garcia, Andres"]
[Result "1/2-1/2"]
[WhiteElo "2115"]
[BlackElo "2332"]
[PlyCount "69"]
[EventDate "2013.11.16"]
[EventType "team-tourn"]
[EventRounds "14"]
[EventCountry "ESP"]
[SourceTitle "EXT 2015"]
[Source "ChessBase"]
[SourceDate "2014.11.20"]
[SourceVersion "1"]
[SourceVersionDate "2014.11.20"]
[SourceQuality "1"]
[WhiteTeam "Virgen de Atocha"]
[BlackTeam "Liberty Chess"]
[WhiteTeamCountry "ESP"]
[BlackTeamCountry "ESP"]

1. e4 c5 2. d4 cxd4 3. c3 g6 4. Nf3 Bg7 5. Bc4 e6 6. 0-0 Ne7 7. Bg5 Nbc6 8. cxd4 h6 9. Bh4 d5 10. exd5 exd5 11. Bb5 0-0 12. Bxc6 bxc6 13. Ne5 f6 14. Nd3 Nf5 15. Bg3 Qb6 16. Nc3 Qxd4 17. Ne2 Qb6 18. Rc1 g5 19. Qc2 Re8 20. Rfe1 Ba6 21. Nc5 Bc8 22. Nb3 a5 23. Ned4 Rxe1+ 24. Rxe1 Nxd4 25. Nxd4 Qxd4 26. Qxc6 Qb4 27. Re8+ Kf7 28. Bd6 Qc4 29. Re7+ Kg6 30. Qe8+ Kh7 31. h3 Qc2 32. Rxg7+ Kxg7 33. Qf8+ Kg6 34. Qe8+ Kg7 35. Qf8+ 1/2-1/2

[Event "Madrid Oliver Gonzalez Memorial-A 3rd"]
[Site "Madrid"]
[Date "2012.09.07"]
[Round "7"]
[White "Gallardo Garcia, Andres"]
[Black "Fedorchuk, Sergey A"]
[Result "0-1"]
[WhiteElo "2339"]
[BlackElo "2646"]
[PlyCount "130"]
[EventDate "2012.09.01"]
[EventType "swiss"]
[EventRounds "9"]
[EventCountry "ESP"]
[SourceTitle "CBM 150 Extra"]
[Source "ChessBase"]
[SourceDate "2012.10.19"]
[SourceVersion "1"]
[SourceVersionDate "2012.10.19"]
[SourceQuality "1"]

1. e4 c5 2. Nf3 b6 3. d4 cxd4 4. Nxd4 Bb7 5. Nc3 a6 6. Be3 e6 7. f3 Qc7 8. Qd2 Nf6 9. 0-0-0 Bb4 10. Nde2 d5 11. a3 Be7 12. exd5 Bxd5 13. Ng3 Bc6 14. Bf4 Qb7 15. Bd3 Nbd7 16. Nce4 0-0 17. Nd6 Bxd6 18. Bxd6 Rfc8 19. Kb1 h5 20. Rhe1 b5 21. Ne4 Nxe4 22. Rxe4 Bxe4 23. Bxe4 Qa7 24. Bxa8 Qxa8 25. Qg5 Qc6 26. c3 a5 27. Qg3 Kh7 28. Qf4 Kg8 29. Qg3 Nf6 30. Be5 Ne8 31. Qh4 Qc5 32. Qe4 Qe7 33. Bg3 Nf6 34. Qe5 Qb7 35. Bf2 b4 36. axb4 axb4 37. cxb4 Qxb4 38. Bd4 Rd8 39. Rd3 Rd5 40. Qe3 Qd6 41. Kc2 Qxh2 42. Rd2 Qc7+ 43. Qc3 Ne8 44. b4 Qd7 45. Bc5 Qa4+ 46. Kb2 Nc7 47. Rc2 Rd1 48. Rc1 Nb5 49. Qe3 Rxc1 50. Kxc1 Qa1+ 51. Kd2 Qb2+ 52. Ke1 Qxg2 53. Qd3 Qg3+ 54. Kf1 Qb8 55. Qd7 Nc3 56. Kg2 Qb5 57. Qd6 Qe2+ 58. Kg3 Kh7 59. Qf4 f6 60. Bf8 Qf1 61. Qe3 Ne2+ 62. Kh2 Qe1 63. Kg2 Qg3+ 64. Kf1 Nf4 65. Bd6 Qh3+ 0-1

[Event "Madrid Oliver Gonzalez Memorial-A 3rd"]
[Site "Madrid"]
[Date "2012.09.03"]
[Round "3"]
[White "Gallardo Garcia, Andres"]
[Black "Pascual Palomo, Lucia"]
[Result "1-0"]
[WhiteElo "2339"]
[BlackElo "2120"]
[PlyCount "167"]
[EventDate "2012.09.01"]
[EventType "swiss"]
[EventRounds "9"]
[EventCountry "ESP"]
[SourceTitle "CBM 150 Extra"]
[Source "ChessBase"]
[SourceDate "2012.10.19"]
[SourceVersion "1"]
[SourceVersionDate "2012.10.19"]
[SourceQuality "1"]

1. c4 e6 2. Nc3 Nf6 3. Nf3 d5 4. d4 Be7 5. Bg5 b6 6. e3 Bb7 7. Bxf6 Bxf6 8. cxd5 exd5 9. Qc2 c6 10. Bd3 h6 11. g4 Nd7 12. 0-0-0 Nf8 13. e4 dxe4 14. Nxe4 Ne6 15. Bc4 Be7 16. Qb3 Qc8 17. Rhe1 0-0 18. Ne5 b5 19. Bxe6 Qxe6 20. Qxe6 fxe6 21. Nc5 Bg5+ 22. Kb1 Bc8 23. Re2 a5 24. Nxc6 Bh4 25. Rf1 b4 26. f4 Ra6 27. Ne5 Rd8 28. Rd2 Rad6 29. Rfd1 Rd5 30. Kc2 Bf6 31. Kb3 g5 32. Ne4 Bg7 33. fxg5 hxg5 34. Nc6 R8d7 35. Nc5 Rc7 36. Nxa5 e5 37. Kxb4 exd4 38. Nab3 Bxg4 39. Rg1 Bc8 40. Kc4 Be6 41. Kb5 Bd7+ 42. Kc4 Rf5 43. h4 g4 44. Kb4 Rf4 45. Nxd7 Rxd7 46. Rd3 Bf8+ 47. Kc4 Rc7+ 48. Kd5 Rc2 49. Rxd4 Rxd4+ 50. Nxd4 Rxb2 51. Rxg4+ Kf7 52. Rf4+ Kg8 53. a4 Bh6 54. Rg4+ Kf7 55. Nf5 Bf8 56. Nd6+ Ke7 57. Re4+ Kd7 58. Nc4 Ra2 59. a5 Ra1 60. Rf4 Rd1+ 61. Ke4 Bc5 62. Kf5 Rh1 63. Rg4 Be7 64. Ne5+ Kd6 65. Nf7+ Kd5 66. Ng5 Rf1+ 67. Kg6 Rf6+ 68. Kg7 Ra6 69. Rf4 Bd6 70. Rf5+ Be5+ 71. Kh7 Ra7+ 72. Kg6 Ra6+ 73. Kh7 Ra7+ 74. Kg6 Ra6+ 75. Kh5 Kd4 76. Nf3+ Ke4 77. Rxe5+ Kxf3 78. Kg5 Ra8 79. h5 Rg8+ 80. Kf6 Kf4 81. Rb5 Kg4 82. a6 Rh8 83. Kg7 Rc8 84. Ra5 1-0

[Event "Cullera op-A 29th"]
[Site "Cullera"]
[Date "2012.08.25"]
[Round "1"]
[White "Machin Arbelo, Pedro Alexis"]
[Black "Gallardo Garcia, Andres"]
[Result "1-0"]
[WhiteElo "2084"]
[BlackElo "2339"]
[PlyCount "53"]
[EventDate "2012.08.25"]
[EventType "swiss"]
[EventRounds "9"]
[EventCountry "ESP"]
[SourceTitle "CBM 150 Extra"]
[Source "ChessBase"]
[SourceDate "2012.10.19"]
[SourceVersion "1"]
[SourceVersionDate "2012.10.19"]
[SourceQuality "1"]

1. e4 c5 2. Nf3 g6 3. c3 Bg7 4. Bc4 e6 5. 0-0 Ne7 6. d4 cxd4 7. cxd4 d5 8. Bd3 Nbc6 9. e5 0-0 10. Nc3 f6 11. Re1 fxe5 12. dxe5 Qb6 13. Na4 Qc7 14. Bg5 Nf5 15. Rc1 h6 16. Bf6 Qf7 17. Bxf5 gxf5 18. Bxg7 Qxg7 19. Rc3 Kh7 20. Nc5 Rg8 21. g3 d4 22. Nxd4 Rd8 23. Ncb3 Nxd4 24. Nxd4 Qd7 25. Rd3 b6 26. Nxe6 Qxd3 27. Nxd8 1-0

[Event "La Roda op 38th"]
[Site "La Roda"]
[Date "2011.04.21"]
[Round "3"]
[White "Gomez Roca, Vicente Fernando"]
[Black "Gallardo Garcia, Andres"]
[Result "1/2-1/2"]
[WhiteElo "2044"]
[BlackElo "2370"]
[PlyCount "75"]
[EventDate "2011.04.20"]
[EventType "swiss"]
[EventRounds "9"]
[EventCountry "ESP"]
[SourceTitle "EXT 2012"]
[Source "ChessBase"]
[SourceDate "2011.11.24"]
[SourceVersion "1"]
[SourceVersionDate "2011.11.24"]
[SourceQuality "1"]

1. e4 c5 2. Nf3 Nc6 3. Bb5 g6 4. c3 Nf6 5. e5 Nd5 6. 0-0 Bg7 7. d4 cxd4 8. cxd4 0-0 9. Nc3 Nxc3 10. bxc3 d6 11. Bf4 d5 12. h3 Qa5 13. Qb3 Rd8 14. Bxc6 bxc6 15. Qb4 Qxb4 16. cxb4 e6 17. Bg5 Re8 18. Rfb1 Bd7 19. Nd2 Bf8 20. a3 a5 21. bxa5 Rxa5 22. Nb3 Rxa3 23. Rxa3 Bxa3 24. Ra1 Bb2 25. Ra7 Bc8 26. Ra2 Bc3 27. Rc2 Bb4 28. Rxc6 Bf8 29. f3 h6 30. Bf6 Bd7 31. Rc7 Bb5 32. Nc5 Bxc5 33. Rxc5 Bd3 34. Kf2 g5 35. Ke3 Bg6 36. Rc7 Ra8 37. Rd7 Rc8 38. Rd8+ 1/2-1/2

[Event "Madrid-ch"]
[Site "Madrid"]
[Date "2011.02.22"]
[Round "1"]
[White "De la Fuente Gonzalez, Francisco"]
[Black "Gallardo Garcia, Andres"]
[Result "0-1"]
[WhiteElo "2230"]
[BlackElo "2370"]
[PlyCount "66"]
[EventDate "2011.02.22"]
[EventType "tourn"]
[EventRounds "11"]
[EventCountry "ESP"]
[EventCategory "1"]
[SourceTitle "CBM 141 Extra"]
[Source "ChessBase"]
[SourceDate "2011.05.03"]
[SourceVersion "1"]
[SourceVersionDate "2011.05.03"]
[SourceQuality "1"]

1. Nf3 d6 2. c4 f5 3. d4 Nf6 4. g3 g6 5. Bg2 Bg7 6. Nc3 0-0 7. 0-0 Qe8 8. e4 fxe4 9. Ng5 Nc6 10. Be3 e5 11. d5 Bg4 12. Qd2 Nd4 13. Bxd4 exd4 14. Qxd4 Bf5 15. Rae1 Ng4 16. Qd1 e3 17. fxe3 Bh6 18. Nce4 Qe7 19. h4 Rae8 20. Rf4 Ne5 21. b3 Nf7 22. g4 Nxg5 23. hxg5 Bxe4 24. gxh6 Bxg2 25. Rxf8+ Qxf8 26. Kxg2 Qxh6 27. Qd4 Qg5 28. Kf3 Qh4 29. Re2 Qh1+ 30. Kg3 Re4 31. Qd3 Qg1+ 32. Rg2 Rxe3+ 33. Kf4 g5+ 0-1

[Event "Madrid Oliver Gonzalez Memorial 1st"]
[Site "Madrid"]
[Date "2010.10.09"]
[Round "1"]
[White "Rodriguez Vignote, Javier"]
[Black "Gallardo Garcia, Andres"]
[Result "0-1"]
[WhiteElo "1910"]
[BlackElo "2373"]
[PlyCount "64"]
[EventDate "2010.10.09"]
[EventType "swiss"]
[EventRounds "9"]
[EventCountry "ESP"]
[SourceTitle "CBM 138 Extra"]
[Source "ChessBase"]
[SourceDate "2010.10.29"]
[SourceVersion "1"]
[SourceVersionDate "2010.10.29"]
[SourceQuality "1"]

1. d4 Nf6 2. c4 g6 3. Nc3 Bg7 4. e4 d6 5. Be2 0-0 6. Nf3 Na6 7. 0-0 e5 8. Re1 c6 9. Bf1 exd4 10. Nxd4 Ng4 11. h3 Ne5 12. Be3 f5 13. exf5 gxf5 14. Qd2 Nf7 15. Rad1 Qf6 16. Nde2 Qh4 17. b3 Nc5 18. Bf4 Be5 19. g3 Qf6 20. Bg2 Ne6 21. Bxe5 dxe5 22. Qe3 f4 23. Ne4 Qg7 24. Qc3 Nfg5 25. h4 Nxe4 26. Bxe4 Nc5 27. Nc1 Bg4 28. Rd2 Rae8 29. Nd3 Nxe4 30. Rxe4 fxg3 31. Rxe5 h6 32. fxg3 Bf5 0-1

[Event "ESP-chT Autonomicas 5th"]
[Site "Tossa de Mar"]
[Date "2010.05.01"]
[Round "4.15"]
[White "Gallardo Garcia, Andres"]
[Black "Alonso Rosell, Alvar"]
[Result "0-1"]
[WhiteElo "2412"]
[BlackElo "2509"]
[PlyCount "104"]
[EventDate "2010.04.29"]
[EventType "team-swiss"]
[EventRounds "6"]
[EventCountry "ESP"]
[SourceTitle "CBM 136 Extra"]
[Source "ChessBase"]
[SourceDate "2010.07.02"]
[SourceVersion "2"]
[SourceVersionDate "2010.07.15"]
[SourceQuality "1"]
[WhiteTeam "Madrid"]
[BlackTeam "Catalunya"]
[WhiteTeamCountry "ESP"]
[BlackTeamCountry "ESP"]

1. e4 c6 2. d3 d5 3. Nd2 g6 4. Ngf3 Bg7 5. g3 e5 6. Bg2 Ne7 7. 0-0 0-0 8. b4 a5 9. bxa5 Qxa5 10. Bb2 Nd7 11. Qe2 d4 12. Nb3 Qc7 13. c3 dxc3 14. Bxc3 c5 15. Rfc1 Nc6 16. a4 b6 17. Bd2 Ba6 18. a5 Nxa5 19. Bxa5 bxa5 20. Rxa5 Rfb8 21. Nfd2 Bh6 22. Rca1 Bxd2 23. Qxd2 c4 24. Nc1 c3 25. Qe3 Rb1 26. Rxb1 Qxa5 27. Ne2 Nc5 28. Nxc3 Bxd3 29. Rc1 Nb3 30. Rd1 Qxc3 31. Qxd3 Qb2 32. Rb1 Ra1 33. Rxa1 Qxa1+ 34. Bf1 Nd4 35. Qe3 Kg7 36. h4 h6 37. Kg2 Nc2 38. Qe2 Qc1 39. Kh2 Nd4 40. Qd3 g5 41. hxg5 hxg5 42. Bh3 Qe1 43. Kg2 Ne2 44. Qe3 Qg1+ 45. Kf3 Nd4+ 46. Kg4 f6 47. Qd2 Qh1 48. Qe3 Qd1+ 49. f3 Qa4 50. Bg2 Qd7+ 51. Kh5 Ne6 52. Bf1 Kh7 0-1

[Event "ESP-chT Autonomicas 5th"]
[Site "Tossa de Mar"]
[Date "2010.04.30"]
[Round "2.25"]
[White "Gallardo Garcia, Andres"]
[Black "Moreno Gracia, Daniel"]
[Result "1-0"]
[WhiteElo "2412"]
[BlackElo "2317"]
[PlyCount "77"]
[EventDate "2010.04.29"]
[EventType "team-swiss"]
[EventRounds "6"]
[EventCountry "ESP"]
[SourceTitle "CBM 136 Extra"]
[Source "ChessBase"]
[SourceDate "2010.07.02"]
[SourceVersion "2"]
[SourceVersionDate "2010.07.15"]
[SourceQuality "1"]
[WhiteTeam "Madrid"]
[BlackTeam "Aragon"]
[WhiteTeamCountry "ESP"]
[BlackTeamCountry "ESP"]

1. e4 c5 2. Nf3 d6 3. Bb5+ Nd7 4. d4 Ngf6 5. 0-0 cxd4 6. Qxd4 e5 7. Qd3 h6 8. c4 Be7 9. Nc3 0-0 10. Bxd7 Bxd7 11. b3 Qc7 12. Bd2 a6 13. a4 b6 14. Ne1 Qb7 15. Nc2 Rfd8 16. Ne3 Be6 17. f3 Rab8 18. Rab1 Bf8 19. Kh1 Bd7 20. Ncd5 Nxd5 21. Nxd5 b5 22. cxb5 axb5 23. a5 Be6 24. Rfc1 Rdc8 25. Ra1 Rxc1+ 26. Rxc1 Rc8 27. Rxc8 Bxc8 28. Nb6 Be7 29. Qxb5 Kh7 30. Qd3 Be6 31. Nd5 Bd8 32. a6 Qb8 33. Be3 g6 34. a7 Qb7 35. Qc4 h5 36. Qa4 Qa8 37. Qe8 Qc8 38. Ne7 Qa6 39. Qg8# 1-0